| 000 | 00372nam a2200145 a 4500 | ||
|---|---|---|---|
| 005 | 20140412111416.0 | ||
| 008 | 070817s19uu xx 00 eng d | ||
| 020 | _a0-7214-3091-0 | ||
| 050 |
_aTR(PS E _bAl45 1989 |
||
| 100 | _aMurdock, Hy | ||
| 245 |
_aLearning the alphabet / _cHy Murdock. |
||
| 260 |
_aUK : _bLadybird, _c1989. |
||
| 650 | _aAlphabet | ||
| 999 |
_c105846 _d105846 |
||